000 00614cam a22002171 4500
001 4059850
005 20180224034516.0
008 711108s1965 kyu b 100 0 eng
010 _a 65027013
040 _aDLC
_cDLC
_dDLC
041 _aeng
043 _an-cn---
_an-us---
080 _a917.303
082 0 0 _a917.303 LER
100 1 _a16
101 _aHIS
245 1 4 _aThe revolutionary theme in contemporary America,
_cby Max Lerner [and others] Edited by Thomas R. Ford.
504 _aIncludes bibliographical references.
906 _a7
_bcbc
_corignew
_du
_eocip
_f19
_gy-gencatlg
942 _2ddc
_cBK
999 _c43362
_d43362